000 00455nam a2200181Ia 4500
005 20250423100518.0
008 250422s9999 xx 000 0 und d
020 _a9789789009169
050 _aP 90 .O88/
100 _aOsunbote, Oladele
245 0 _aPhilosophy of practical communications in Africa
260 _aIbadan
260 _bPentagon Book Limited
260 _c2009
300 _a665 p
650 _a Communication.
942 _cBK
999 _c33532
_d33532